Statistics for Every R. Kelly Song on the Billboard Hot 100

Click here to take the quiz!

General Stats

  • This quiz has been taken 74 times
    (52 since last reset)
  • The average score is 11 of 54

Answer Stats

#YearSong% Correct
21996I Believe I Can Fly
85%
22003Ignition
83%
11994Bump N' Grind
65%
92003Step In The Name Of Love
48%
202007Same Girl (Usher)
40%
142001I Wish
38%
192004Happy People
33%
122007I'm A Flirt (Remix) ft. T.I. & T-Pain
33%
41996Down Low (Nobody Has To Know) ft. Ronald Isley
30%
391992Honey Love (Public Announcement)
30%
11998I'm Your Angel (Celine Dion)
30%
362001Feelin' On Yo Booty
28%
62001Fiesta ft. Jay-Z
28%
91997Gotham City
28%
342002The World's Greatest
28%
131994Your Body's Callin'
28%
201993Sex Me (Parts I & II)
25%
222005Trapped In The Closet
25%
221999When A Woman's Fed Up
25%
591992She's Got That Vibe (Public Announcement)
23%
41995You Remind Me Of Something
23%
651998Home Alone ft. Keith Murray
20%
522004U Saved Me
20%
932011When A Woman Loves
20%
271999Did You Ever Think
18%
121999If I Could Turn Back The Hands Of Time
18%
592009Number One ft. Keri Hilson
18%
431992Slow Dance (Hey Mr. DJ) (Public Announcement)
18%
162003Snake ft. Big Tigger
18%
51996I Can't Sleep Baby (If I)
15%
551994Summer Bunnies
15%
311993Dedicated (Public Announcement)
13%
182007Go Getta (Jeezy)
13%
42004Hotel (Cassidy)
13%
892013My Story ft. 2 Chainz
13%
21999Satisfy You (Diddy)
13%
132003Thoia Thoing
13%
392004Big Chips (Jay-Z)
10%
652005Playa's Only ft. The Game
10%
132013Do What U Want (Lady Gaga)
5%
242004Gigolo (Nick Cannon)
5%
542013PYD (Justin Bieber)
5%
202006That's That (Snoop Dogg)
5%
702012To The World (Kanye West)
5%
52004Wonderful (Ja Rule) ft. Ashanti
5%
392003Clubbin (Marques Houston) ft. Joe Budden & Pied Piper
3%
852004Gangsta Girl (Big Tymers)
3%
822001Guilty Until Proven Innocent (Jay-Z)
3%
912005In The Kitchen
3%
802003Soldier's Heart
3%
922004So Sexy Chapter II (Like This) (Twista)
3%
252004So Sexy (Twista)
3%
812002Take You Home With Me a.k.a. Body (Jay-Z)
3%
152002We Thuggin' (Fat Joe)
3%

Score Distribution

Percentile by Number Answered

Percent of People with Each Score

Your Score History

You have not taken this quiz since the last reset